<?xml version="1.0" encoding="UTF-8"?><?xml-stylesheet type="text/xsl" href="static/style.xsl"?><OAI-PMH xmlns="http://www.openarchives.org/OAI/2.0/" xmlns:xsi="http://www.w3.org/2001/XMLSchema-instance" xsi:schemaLocation="http://www.openarchives.org/OAI/2.0/ http://www.openarchives.org/OAI/2.0/OAI-PMH.xsd"><responseDate>2026-04-27T19:45:20Z</responseDate><request verb="GetRecord" identifier="oai:riubu.ubu.es:10259/8312" metadataPrefix="marc">https://riubu.ubu.es/oai/request</request><GetRecord><record><header><identifier>oai:riubu.ubu.es:10259/8312</identifier><datestamp>2024-01-13T01:05:33Z</datestamp><setSpec>com_10259_4839</setSpec><setSpec>com_10259_5086</setSpec><setSpec>com_10259_2604</setSpec><setSpec>col_10259_4840</setSpec></header><metadata><record xmlns="http://www.loc.gov/MARC21/slim" xmlns:doc="http://www.lyncode.com/xoai" xmlns:xsi="http://www.w3.org/2001/XMLSchema-instance" xmlns:dcterms="http://purl.org/dc/terms/" xsi:schemaLocation="http://www.loc.gov/MARC21/slim http://www.loc.gov/standards/marcxml/schema/MARC21slim.xsd">
<leader>00925njm 22002777a 4500</leader>
<datafield tag="042" ind1=" " ind2=" ">
<subfield code="a">dc</subfield>
</datafield>
<datafield tag="720" ind1=" " ind2=" ">
<subfield code="a">Zabaleta González, Rebeca</subfield>
<subfield code="e">author</subfield>
</datafield>
<datafield tag="720" ind1=" " ind2=" ">
<subfield code="a">Casado Muñoz, Raquel</subfield>
<subfield code="e">author</subfield>
</datafield>
<datafield tag="720" ind1=" " ind2=" ">
<subfield code="a">Martínez Pérez, Alejandro</subfield>
<subfield code="e">author</subfield>
</datafield>
<datafield tag="720" ind1=" " ind2=" ">
<subfield code="a">Lezcano Barbero, Fernando</subfield>
<subfield code="e">author</subfield>
</datafield>
<datafield tag="260" ind1=" " ind2=" ">
<subfield code="c">2023-01</subfield>
</datafield>
<datafield tag="520" ind1=" " ind2=" ">
<subfield code="a">El estigma social hacia las enfermedades mentales provoca discriminación y exclusión. Es importante detectar y evaluar este estigma para establecer estrategias de intervención acordes a las necesidades.</subfield>
</datafield>
<datafield tag="520" ind1=" " ind2=" ">
<subfield code="a">Social stigma towards mental illnesses provokes discrimination and exclusion. It is important to detect this stigma for its evaluation to establish intervention strategies that respond to needs.</subfield>
</datafield>
<datafield tag="024" ind2=" " ind1="8">
<subfield code="a">1578-5319</subfield>
</datafield>
<datafield tag="024" ind2=" " ind1="8">
<subfield code="a">http://hdl.handle.net/10259/8312</subfield>
</datafield>
<datafield tag="024" ind2=" " ind1="8">
<subfield code="a">10.21134/haaj.v23i1.768</subfield>
</datafield>
<datafield tag="024" ind2=" " ind1="8">
<subfield code="a">1998-2054</subfield>
</datafield>
<datafield ind1=" " ind2=" " tag="653">
<subfield code="a">Estigma</subfield>
</datafield>
<datafield ind1=" " ind2=" " tag="653">
<subfield code="a">Enfermedad mental</subfield>
</datafield>
<datafield ind1=" " ind2=" " tag="653">
<subfield code="a">CAMI</subfield>
</datafield>
<datafield ind1=" " ind2=" " tag="653">
<subfield code="a">Estudiantes universitarios</subfield>
</datafield>
<datafield ind1=" " ind2=" " tag="653">
<subfield code="a">Stigma</subfield>
</datafield>
<datafield ind1=" " ind2=" " tag="653">
<subfield code="a">Mental illness</subfield>
</datafield>
<datafield ind1=" " ind2=" " tag="653">
<subfield code="a">University students</subfield>
</datafield>
<datafield tag="245" ind1="0" ind2="0">
<subfield code="a">Estigma y actitudes hacia las enfermedades mentales entre los estudiantes universitarios: estudio descriptivo</subfield>
</datafield>
</record></metadata></record></GetRecord></OAI-PMH>